<?xml version="1.0" encoding="UTF-8"?>
<record
    xmlns:xsi="http://www.w3.org/2001/XMLSchema-instance"
    xsi:schemaLocation="http://www.loc.gov/MARC21/slim http://www.loc.gov/standards/marcxml/schema/MARC21slim.xsd"
    xmlns="http://www.loc.gov/MARC21/slim">

  <leader>01219nam a2200325 i 4500</leader>
  <datafield tag="999" ind1=" " ind2=" ">
    <subfield code="c">7354</subfield>
    <subfield code="d">7354</subfield>
  </datafield>
  <controlfield tag="001">.b75445232</controlfield>
  <controlfield tag="003">OSt</controlfield>
  <controlfield tag="005">20240119093859.0</controlfield>
  <controlfield tag="008">210527e202103  spc|||| ||||| 0|0 0dcat| </controlfield>
  <datafield tag="017" ind1=" " ind2=" ">
    <subfield code="a">DL L-66-2021</subfield>
    <subfield code="b">Biblioteca de Catalunya</subfield>
  </datafield>
  <datafield tag="020" ind1=" " ind2=" ">
    <subfield code="a">9788413032481</subfield>
  </datafield>
  <datafield tag="040" ind1=" " ind2=" ">
    <subfield code="a">ES-BaBC</subfield>
    <subfield code="b">cat</subfield>
    <subfield code="e">rda</subfield>
    <subfield code="c">ES-BaBC</subfield>
  </datafield>
  <datafield tag="100" ind1="1" ind2=" ">
    <subfield code="a">L&#xF3;pez, Alfons,</subfield>
    <subfield code="d">1950-</subfield>
    <subfield code="e">artista</subfield>
  </datafield>
  <datafield tag="245" ind1="1" ind2="0">
    <subfield code="a">8 hores: el Noi del Sucre i la vaga de La Canadenca /</subfield>
    <subfield code="c">[dibuixant] Alfons L&#xF3;pez &amp; [autor] Pepe G&#xE1;lvez</subfield>
  </datafield>
  <datafield tag="246" ind1="3" ind2="0">
    <subfield code="a">Noi de sucre i la vaga de La Canadenca </subfield>
  </datafield>
  <datafield tag="264" ind1=" " ind2="1">
    <subfield code="a">Lleida :</subfield>
    <subfield code="b">Pag&#xE8;s Editors,</subfield>
    <subfield code="c">2021</subfield>
  </datafield>
  <datafield tag="300" ind1=" " ind2=" ">
    <subfield code="a">101 p&#xE0;gines :</subfield>
    <subfield code="b">principalment il&#xB7;lustracions ;</subfield>
    <subfield code="c">24 cm</subfield>
  </datafield>
  <datafield tag="490" ind1="1" ind2=" ">
    <subfield code="a">D' Dobletinta ;</subfield>
    <subfield code="v">[1]</subfield>
  </datafield>
  <datafield tag="504" ind1=" " ind2=" ">
    <subfield code="a">Bibliografia p&#xE0;gina 99</subfield>
  </datafield>
  <datafield tag="600" ind1="1" ind2="7">
    <subfield code="a">Segu&#xED;, Salvador,</subfield>
    <subfield code="d">1886-1923</subfield>
    <subfield code="v">C&#xF2;mics</subfield>
    <subfield code="2">lemac</subfield>
  </datafield>
  <datafield tag="650" ind1=" " ind2="7">
    <subfield code="a">Canadenca, Vaga de la, Barcelona, Catalunya, 1919</subfield>
    <subfield code="v">C&#xF2;mics</subfield>
    <subfield code="2">lemac</subfield>
  </datafield>
  <datafield tag="650" ind1=" " ind2="7">
    <subfield code="a">Dirigents sindicals</subfield>
    <subfield code="z">Catalunya</subfield>
    <subfield code="x">Biografia</subfield>
    <subfield code="2">lemac</subfield>
  </datafield>
  <datafield tag="650" ind1=" " ind2="7">
    <subfield code="a">Moviment obrer</subfield>
    <subfield code="z">Catalunya</subfield>
    <subfield code="x">Hist&#xF2;ria</subfield>
    <subfield code="y">S. XX</subfield>
    <subfield code="2">lemac</subfield>
  </datafield>
  <datafield tag="650" ind1=" " ind2="7">
    <subfield code="a">Vagues generals</subfield>
    <subfield code="z">Catalunya</subfield>
    <subfield code="y">1919</subfield>
    <subfield code="v">C&#xF2;mics</subfield>
    <subfield code="2">lemac</subfield>
  </datafield>
  <datafield tag="655" ind1=" " ind2="7">
    <subfield code="a">C&#xF2;mics</subfield>
    <subfield code="2">rbgenr//cat</subfield>
  </datafield>
  <datafield tag="700" ind1="1" ind2=" ">
    <subfield code="a">G&#xE1;lvez, Pepe,</subfield>
    <subfield code="d">1950-</subfield>
    <subfield code="e">autor</subfield>
  </datafield>
  <datafield tag="830" ind1=" " ind2="0">
    <subfield code="a">Dobletinta ;</subfield>
    <subfield code="v">1</subfield>
  </datafield>
  <datafield tag="940" ind1=" " ind2=" ">
    <subfield code="a">BC</subfield>
  </datafield>
  <datafield tag="942" ind1=" " ind2=" ">
    <subfield code="2">udc</subfield>
    <subfield code="c">MON</subfield>
  </datafield>
  <datafield tag="952" ind1=" " ind2=" ">
    <subfield code="0">0</subfield>
    <subfield code="1">0</subfield>
    <subfield code="4">0</subfield>
    <subfield code="7">0</subfield>
    <subfield code="a">CDMR</subfield>
    <subfield code="b">CDMR</subfield>
    <subfield code="d">2021-07-08</subfield>
    <subfield code="e">Donaci&#xF3;</subfield>
    <subfield code="g">16.00</subfield>
    <subfield code="l">2</subfield>
    <subfield code="m">1</subfield>
    <subfield code="o">Du 10/19</subfield>
    <subfield code="p">CDMR21070001</subfield>
    <subfield code="r">2023-02-23</subfield>
    <subfield code="s">2022-02-10</subfield>
    <subfield code="w">2021-07-08</subfield>
    <subfield code="y">MON</subfield>
  </datafield>
</record>
